| 000 | 01315nam0a2200313 4500 | ||
|---|---|---|---|
| 001 | RU\NLR\BIBL_A\011601319 | ||
| 005 | 20240921185052.0 | ||
| 010 |
_a9785446106813 _92000 |
||
| 021 |
_aRU _b2017-98029 _97055 |
||
| 035 | _a(RuMoRGB)009493492 | ||
| 035 | _a(NLR Aleph) 011601319 | ||
| 090 |
_a10890766 _c10890766 |
||
| 100 | _a20180124d2018 u y0rusy50 ca | ||
| 101 | 0 | _arus | |
| 102 | _aRU | ||
| 105 | _aa zzzz||||1zy | ||
| 200 | 1 |
_aБухгалтерская и налоговая отчетность в таблицах и примерах _eс учетом последних изменений в законодательстве _fСветлана Левшова |
|
| 210 |
_aСанкт-Петербург [и др.] _cПитер _d2018 [т. е. 2017] |
||
| 215 |
_a142, [1] с. _cтабл. _d21 |
||
| 300 | _aКн. фактически изд. в 2017 г. | ||
| 320 | _aБиблиогр.: с. 142-143 (13 назв.) | ||
| 333 | _a16+ | ||
| 606 | 1 |
_aБухгалтерский учет _xОтчетность _yРоссийская Федерация _92079191 _3RU\NLR\AUTH\661255066 |
|
| 686 | 1 | _aУ052.9(2)2-15 | |
| 700 | 1 |
_aЛевшова _bС. А. _gСветлана Александровна |
|
| 942 | _cBOOK | ||
| 980 | _aNBR | ||